| 000 | 01434naa a22003377a 4500 | ||
|---|---|---|---|
| 001 | BR8705312 | ||
| 003 | BR-BrBNA | ||
| 005 | 20250721154520.0 | ||
| 007 | ta | ||
| 008 | 250630b bl.|||m| |||| 00| 0 por d | ||
| 040 |
_aBR-BrBNA _bpor _cBiblioteca Nacional de Agricultura |
||
| 041 | _a(Pt) | ||
| 072 |
_aP10; F04 _b0150 _b3820 _bG514 |
||
| 090 | _aP10 BR8705312 | ||
| 100 | 1 | _aVahl, L.C. | |
| 100 | 1 | _aGomes, A. da S. | |
| 100 | 1 | _aTuratti, A.L. | |
| 111 | 1 |
_a14. Reuniao da Cultura do Arroz Irrigado _cPelotas, RS (Brazil) _d1-4 Oct 1985 |
|
| 245 | 1 | _aEpocas de inicio da inundacao do solo e niveis de nitrogenio na cultura do arroz, cultivar BR-IRGA 410 | |
| 246 | 1 | _a[Periods for starting soil flood and nitrogen levels in rice crop, cultivar BR-IRGA 410] | |
| 246 | 1 | _a[Annals of the 14. Meeting of Irrigated Rice] | |
| 500 | _aAnais da 14. Reuniao da Cultura do Arroz Irrigado Pelotas, RS (Brasil): 1985. p. 278-285 [1 illus.; 2 tables; 3 ref.] (BR8705312-AMS) | ||
| 773 | 0 |
_tAnais da 14. Reuniao da Cultura do Arroz Irrigado _wP10 BR8705312 _gPelotas, RS (Brasil), 1985. p. 278-285 |
|
| 650 | _aARROZ IRRIGADO | ||
| 650 | _aMANEJO DE AGUA | ||
| 650 | _aFERTILIZANTE NITROGENADO | ||
| 650 | _aRIO GRANDE DO SUL | ||
| 490 |
_aDocumentos - Centro de Pesquisa Agropecuaria de Terras Baixas de Clima Temperado (Brazil) _vno. 26 _xISSN 0101-9708 |
||
| 942 |
_cAMS _2AGRIS |
||
| 909 |
_a202506 _bLúcia _c55 _dLúcia Elande |
||
| 999 |
_c335279 _d335279 |
||